000 00728nam a22002177a 4500
003 OSt
005 20230301114219.0
008 220916b |||||||| |||| 00| 0 eng d
040 _cBiblioteca Lado V
082 _a861
_bP291p
130 _9767
_aPastel de moscas
245 _aPastel de mozkaz/
_bV/
260 _aMadrid
_bFundacion Salvador Dali
_c2004
300 _c11x29cm
_a20p.
650 _2Tesauro de Arte & Arquitectura
_aFOTOGRAFIA
_9702
650 _2Tesauro de Arte & Arquitectura
_aLITERATURA
650 _2Tesauro de Arte & Arquitectura
_aPOESIA
650 _2Tesauro de Arte & Arquitectura
_aCUENTO
650 _2Tesauro de Arte & Arquitectura
_aNARRACION
942 _2ddc
_c1
_h861
_iP291p
_n0
999 _c3098
_d3098